000
00236nam a22000857a 4500
008
161115b xxu||||| |||| 00| 0 eng d
100
_9
1215
_a
Sharma. J. B
245
_a
The lion and the hedgehog
260
_a
New delhi
_b
National book trust
_c
2004
999
_c
3906
_d
3906